Informácia o postupe pri zostavovaní konsolidovanej účtovnej závierky podľa medzinárodných účtovných štandardov (pracovný materiál)
Pracovný materiál, ktorý je informáciou pre širokú účtovnícku verejnosť o pripravovanej právnej úprave na zostavenie konsolidovanej účtovnej závierky, harmonizovaný so Siedmou smernicou Rady ES o konsolidovanej účtovnej závierke so zapracovaním súvisiacej problematiky z medzinárodných účtovných štan...
Guardado en:
| Formato: | Capítulo de libro |
|---|---|
| Lenguaje: | eslovaco |
| Materias: | |
| Etiquetas: |
Sin Etiquetas, Sea el primero en etiquetar este registro!
|
MARC
| LEADER | 00000naa a2200000 4500 | ||
|---|---|---|---|
| 001 | r041175 | ||
| 005 | 20230926083624.7 | ||
| 041 | 0 | |a slo | |
| 044 | |a SK | ||
| 245 | 1 | 0 | |a Informácia o postupe pri zostavovaní konsolidovanej účtovnej závierky podľa medzinárodných účtovných štandardov (pracovný materiál) |
| 520 | |a Pracovný materiál, ktorý je informáciou pre širokú účtovnícku verejnosť o pripravovanej právnej úprave na zostavenie konsolidovanej účtovnej závierky, harmonizovaný so Siedmou smernicou Rady ES o konsolidovanej účtovnej závierke so zapracovaním súvisiacej problematiky z medzinárodných účtovných štandardov (IAS). | ||
| 610 | 2 | 0 | |a závierka účtovná konsolidovaná |
| 610 | 2 | 0 | |a štandardy |
| 610 | 2 | 0 | |a smernice |
| 610 | 2 | 0 | |a Rada Európskych spoločenstiev |
| 610 | 2 | 0 | |a metodika |
| 610 | 2 | 0 | |a účtovníctvo |
| 610 | 2 | 0 | |a Slovensko |